000 00978nam a22002897a 4500
003 CHAP
005 20220329133545.0
008 971013s1993 r 00010 d
010 _a7851
011 _a8823
035 _a8054
040 _cCHAP
090 _aTesis
100 0 0 _aTrujillo Arriaga, Gabriel.
_9115393
245 _aDeterminación de secuelas de acondicionamiento de madera para la obtención de chapa rebanada
_b: Cía. de Chapas Los Reyes, Méx.
260 _aChapingo, Méx. :
_bEl autor,
_c1993
300 _a87 h.
_b; gráfs.
502 _aTesis (Ing. Agr. Esp. en Bosques) -- UACH. División de Ciencias Forestales
590 _aALEPH
_b10
_c20130110
_lUCH01
_h1220
590 _aBATCH-UPD
_b10
_c20130109
_lUCH01
_h2355
590 _aCONVERSION
_b10
_c20130109
_lUCH01
_h1305
650 1 4 _aChapa y chapeado.
_921886
650 1 4 _aTemperatura
_xEfecto en madera.
_9112205
901 _aBK
942 _cTESIS
949 _bBC
_cTES
_d-18161
_eTS1
_h26067
_i8054
_si
999 _c7851
_d7851